Письмо Лорис-Меликова М. Т. вел. кн. Владимиру Александровичу по поводу своей отставки от должности министра внутренних дел. (Ко...

RUSMARC
00005388nac2a22003613x 450
0012eadfddb-a55e-4543-931c-8473bc5baf19
00520240723152410.0
100##$a20240716l1881 k y0rusy50 ca
1010#$arus
102##$aRU
105##$ay z |||||
1220#$ad18810430
2001#$aПисьмо Лорис-Меликова М. Т. вел. кн. Владимиру Александровичу по поводу своей отставки от должности министра внутренних дел. (Копия)
$j30.04.1881
215##$a2 листа
$d38,5 х 24,5
251##$cДело
300##$aЗаголовок дела на папке: Письмо Лорис-Меликова М. Т. в. к. Владимиру Александровичу по поводу своей отставки от должности Министра внутренних дел
300##$aРукописный текст
324##$aКопия
325##$aЗамикрофильмировано
330##$aВходит в раздел описи: Разные материалы
461#0$1001cda3d175-ae4a-411a-8dea-9cc20fb178f6
$12001
$aЛорис-Меликов Михаил Тариелович, граф, министр внутренних дел, главный начальник "верховной распорядительной комиссии по охранению государственного порядка и общественного спокойствия", генерал от кавалерии
$1251
$cФонд
$1852
$j569
462#0$1001163e060a-d7cc-404d-90ee-e28c9801971b
$12001
$aОпись дел фонда М. Т. Лорис-Меликова за 1858-1915 гг.
$vД. 294
$1251
$cОпись
$1852
$j1
5171#$aПисьмо Лорис-Меликова М. Т. в. к. Владимиру Александровичу по поводу своей отставки от должности Министра внутренних дел
600#1$aЛорис-Меликов
$bМ. Т.
$gМихаил Тариелович
605##$3DITM\AF\0000002775
$aВласть
$lколлекция
$2acquisition_prlib
6101#$aПисьма
$aМинистр внутренних дел
686##$a63.3(2)535-332ю1
$cИстория
$2rubbk
686##$a67.400.6ю1
$cПраво
$2rubbk
700#1$aЛорис-Меликов
$bМ. Т.
$gМихаил Тариелович
702#0$aВладимир Александрович
$cвел. кн.
$4660
801#0$aRU
$bGA_RF
801#1$aRU
$bГлавНИВЦ
$c20240716
$2rusmarc
801#2$aRU
$bПБ им. Б.Н. Ельцина
$c20240723
$gRCR
$2rusmarc
852##$aГА РФ
$j294
937##$d193081445
$hГАРФ
035##$aRuPRLIB51076809
856##$uhttp://readingroom.main.prlib.ru/item.aspx?id_node=n193081445&mode=full
Формат отображения